000 00200nam a22000857a 4500
003 SGT
245 _aINDIAN JOURNAL OF PATHOLOGY & MICROBIOLOGY
260 _aINDIA
_bWOLTERS KLUWER
_c2021
942 _2ddc
_cBV
999 _c24432
_d24432